000 01154nam a22001937a 4500
008 090823s2008 le|| |||r 10 100 0 ara d
020 _a9789953713397
082 _222
_bي س ا
_a320.530974927
245 _a:اليسار العربى فى مواجهة العولمة النيوليبرالية
_cندوة نظمها مركز مهدي عامل الثقافي والحزب الشيوعي اللبناني نهاري السبت والأحد الموافق فيهما 19 و 20 أيار /مايو 2000، قصر الأونيسكو- بيروت /
_bمركز مهدي عامل الثقافي
260 _aبيروت:
_bدار الفارابى،2008
_c2008
300 _a342 ص؛
_c24 سم
500 _aعلى الغلاف: أعمال الندوة الفكرية
650 _913591
_aالإشتراكية
650 _913590
_aالشيوعية
650 _98057
_aالعولمة
710 _914730
_aمركز مهدي عامل الثقافي
942 _2ddc
_cBB
999 _c12677
_d12677